000
00306nam a2200133Ia 4500
008
191201s2003 xx 000 0 und d
100
_a
WINTER, P C
245
0
_a
Instant Notes Genetics
250
_a
2nd
260
_a
N.Delhi
_b
Viva Books
_c
2003
300
_a
374
650
_a
B.Tech(ME)
942
_2
ddc
_c
BK
999
_c
2453
_d
2453